| 000 | 00722nam a2200229 i 4500 | ||
|---|---|---|---|
| 001 | bg | ||
| 245 | 7 | 0 |
_aLaboratorium teorii mechanizmów i maszyn ; Laboratorium drgań mechanicznych / _cpod red. Krzysztofa Czołczyńskiego ; Politechnika Łódzka. |
| 260 |
_aŁódź : _bWydaw. PŁ, _c1995. |
||
| 300 |
_a189 s. : _brys., wykr. ; _c24 cm. |
||
| 504 | _aBibliogr. przy ćwicz. | ||
| 650 | 9 |
_aMaszyny _xteoria |
|
| 650 | 9 |
_aDrgania _xmechanika |
|
| 655 | _aĆwiczenia i zadania | ||
| 700 | 1 |
_aCZOŁCZYŃSKI, Krzysztof. _eRed. |
|
| 020 | _a8386453672 | ||
| 040 | _cBPK | ||
| 041 | 0 | _apl | |
| 080 | _a621.01:534](075.8)(076) | ||
| 920 | _a83-86453-67-2 | ||
| 942 | _cKS | ||
| 008 | s pl f |000 0 pol | ||
| 999 |
_c24534 _d24534 |
||
| 856 |
_uhttp://koha.tu.koszalin.pl/cgi-bin/koha/opac-detail.pl?biblionumber=24534 _yKatalog online BPK |
||